[Event "8e Open de Porticcio"]
[Site "?"]
[Date "2023.07.01"]
[Round "4.3"]
[White "Can, Isik"]
[Black "Tarhan, Adar"]
[Result "1/2-1/2"]
[BlackElo "2347"]
[WhiteElo "2512"]
[LiveChessVersion "1.4.6"]

1. Nf3 {[%clk 1:30:57]} Nf6 {[%clk 1:27:56]} 2. c4 {[%clk 1:31:21]} e6
{[%clk 1:28:13]} 3. Nc3 {[%clk 1:30:51]} Bb4 {[%clk 1:26:29]} 4. Qc2
{[%clk 1:25:26]} O-O {[%clk 1:25:05]} 5. e4 {[%clk 1:23:59]} Bxc3
{[%clk 1:23:12]} 6. bxc3 {[%clk 1:24:12]} e5 {[%clk 1:21:33]} 7. d4
{[%clk 1:17:55]} d6 {[%clk 1:20:10]} 8. Bd3 {[%clk 1:14:03]} Nc6 {[%clk 1:14:26]}
9. O-O {[%clk 1:09:25]} Bg4 {[%clk 1:03:25]} 10. d5 {[%clk 1:09:37]} Ne7
{[%clk 1:03:44]} 11. Nh4 {[%clk 1:07:26]} Bc8 {[%clk 0:59:08]} 12. f4
{[%clk 0:59:59]} Nd7 {[%clk 0:58:15]} 13. Qf2 {[%clk 0:55:51]} exf4
{[%clk 0:38:33]} 14. Bxf4 {[%clk 0:54:52]} f6 {[%clk 0:38:04]} 15. Qg3
{[%clk 0:49:52]} Kh8 {[%clk 0:36:34]} 16. Nf5 {[%clk 0:42:33]} Ng6
{[%clk 0:34:45]} 17. Bd2 {[%clk 0:28:11]} Nc5 {[%clk 0:34:10]} 18. Bc2
{[%clk 0:28:27]} Re8 {[%clk 0:31:47]} 19. Rae1 {[%clk 0:27:19]} Bxf5
{[%clk 0:31:19]} 20. exf5 {[%clk 0:26:19]} Rxe1 {[%clk 0:31:43]} 21. Rxe1
{[%clk 0:25:12]} Ne5 {[%clk 0:31:54]} 22. Qh4 {[%clk 0:25:41]} Qg8
{[%clk 0:30:08]} 23. Re3 {[%clk 0:22:37]} Re8 {[%clk 0:24:56]} 24. Bd1
{[%clk 0:19:57]} b5 {[%clk 0:22:41]} 25. Bh5 {[%clk 0:17:51]} Rb8
{[%clk 0:23:04]} 26. cxb5 {[%clk 0:08:26]} Rxb5 {[%clk 0:23:08]} 27. Bg6
{[%clk 0:08:31]} Ncd3 {[%clk 0:21:32]} 28. h3 {[%clk 0:08:29]} Rb2
{[%clk 0:19:43]} 29. Re2 {[%clk 0:07:09]} Rxa2 {[%clk 0:19:42]} 30. Qh5
{[%clk 0:05:30]} Nxg6 {[%clk 0:13:51]} 31. fxg6 {[%clk 0:05:59]} Ne5
{[%clk 0:14:14]} 32. gxh7 {[%clk 0:06:15]} Qxd5 {[%clk 0:11:10]} 33. Qe8+
{[%clk 0:06:40]} Kxh7 {[%clk 0:11:37]} 34. Qh5+ {[%clk 0:07:07]} Kg8
{[%clk 0:12:03]} 35. Qe8+ {[%clk 0:07:35]} Kh7 {[%clk 0:12:28]} 36. Qh5+
{[%clk 0:08:03]} Kg8 37. Qe8+ {[%clk 0:08:12]} Kh7 {[%clk 0:13:13]} 1/2-1/2

[Event "8e Open de Porticcio"]
[Site "?"]
[Date "2023.07.01"]
[Round "4.4"]
[White "Rakotomaharo, Fy Antenaina"]
[Black "Lamaze, Simon"]
[Result "0-1"]
[BlackElo "2388"]
[WhiteElo "2463"]
[LiveChessVersion "1.4.6"]

1. e4 {[%clk 1:30:02]} c5 {[%clk 1:30:53]} 2. Nf3 {[%clk 1:30:26]} e6
{[%clk 1:31:09]} 3. d4 {[%clk 1:30:39]} cxd4 {[%clk 1:31:32]} 4. Nxd4
{[%clk 1:31:03]} Nc6 {[%clk 1:31:48]} 5. Nc3 {[%clk 1:31:14]} Qc7
{[%clk 1:32:14]} 6. g3 {[%clk 1:26:37]} a6 {[%clk 1:32:15]} 7. Bg2
{[%clk 1:27:02]} Nf6 {[%clk 1:32:34]} 8. O-O {[%clk 1:27:10]} Nxd4
{[%clk 1:32:48]} 9. Qxd4 {[%clk 1:27:36]} Bc5 {[%clk 1:33:15]} 10. Bf4
{[%clk 1:27:58]} d6 {[%clk 1:33:40]} 11. Qd2 {[%clk 1:27:58]} h6 {[%clk 1:34:05]}
12. Rad1 {[%clk 1:27:32]} e5 {[%clk 1:34:07]} 13. Be3 {[%clk 1:27:57]} Bxe3
{[%clk 1:34:35]} 14. fxe3 {[%clk 1:28:22]} Be6 {[%clk 1:35:02]} 15. h3
{[%clk 1:27:01]} Rd8 {[%clk 1:28:54]} 16. Rf2 {[%clk 1:26:46]} b5
{[%clk 1:23:28]} 17. g4 {[%clk 1:18:32]} Qc5 {[%clk 1:14:22]} 18. a3 Ng8 19. Nd5
{[%clk 1:14:17]} Bxd5 {[%clk 1:13:39]} 20. exd5 {[%clk 1:14:19]} Ne7
{[%clk 1:11:19]} 21. Be4 {[%clk 0:44:47]} Qc4 {[%clk 1:10:25]} 22. Qd3
{[%clk 0:39:21]} Rc8 {[%clk 1:08:16]} 23. h4 {[%clk 0:36:26]} Qxd3
{[%clk 0:56:31]} 24. cxd3 {[%clk 0:36:40]} Rc7 {[%clk 0:56:20]} 25. Rdf1
{[%clk 0:31:02]} Nc8 {[%clk 0:52:31]} 26. g5 {[%clk 0:30:40]} hxg5
{[%clk 0:51:42]} 27. hxg5 {[%clk 0:31:07]} Nb6 {[%clk 0:50:14]} 28. g6
{[%clk 0:28:11]} f6 {[%clk 0:50:25]} 29. Rh2 {[%clk 0:28:37]} Rxh2
{[%clk 0:50:46]} 30. Kxh2 {[%clk 0:29:00]} Ke7 {[%clk 0:44:05]} 31. Kg3
{[%clk 0:27:57]} Rc8 {[%clk 0:44:00]} 32. Bf5 {[%clk 0:24:34]} Rc2
{[%clk 0:36:52]} 33. Be6 {[%clk 0:22:57]} Na4 {[%clk 0:32:56]} 34. Rh1
{[%clk 0:22:40]} f5 {[%clk 0:29:50]} 35. Rf1 {[%clk 0:12:17]} Kf6
{[%clk 0:30:12]} 36. Bxf5 {[%clk 0:12:44]} Kg5 {[%clk 0:30:38]} 37. Be4
{[%clk 0:03:17]} Nc5 {[%clk 0:31:04]} 38. Rf5+ {[%clk 0:03:43]} Kh6
{[%clk 0:31:31]} 39. Bf3 {[%clk 0:02:23]} Rd2 {[%clk 0:28:50]} 40. Rf8
{[%clk 0:01:30]} Rxd3 {[%clk 0:26:46]} 41. b4 {[%clk 0:01:09]} Ne4+
{[%clk 0:26:29]} 42. Kh4 {[%clk 0:01:09]} Nf6 {[%clk 0:26:17]} 43. Bg4
{[%clk 0:00:54]} Kxg6 {[%clk 0:24:27]} 44. e4 {[%clk 0:01:19]} Nxg4
{[%clk 0:24:20]} 45. Kxg4 {[%clk 0:01:46]} Re3 {[%clk 0:23:57]} 46. Rd8
{[%clk 0:02:11]} Rxe4+ {[%clk 0:24:23]} 47. Kf3 {[%clk 0:02:35]} Rf4+
{[%clk 0:24:49]} 48. Ke3 {[%clk 0:03:02]} Rf6 {[%clk 0:25:07]} 49. Ra8
{[%clk 0:03:30]} Kf5 {[%clk 0:25:25]} 50. Rxa6 {[%clk 0:03:55]} Rh6
{[%clk 0:24:24]} 51. Rb6 {[%clk 0:03:10]} Rh3+ {[%clk 0:24:47]} 52. Kd2
{[%clk 0:03:37]} e4 {[%clk 0:25:10]} 53. Rxd6 {[%clk 0:04:03]} Rxa3
{[%clk 0:25:25]} 54. Rd7 {[%clk 0:03:48]} g5 {[%clk 0:22:20]} 55. d6
{[%clk 0:03:50]} Rd3+ {[%clk 0:16:09]} 56. Ke2 {[%clk 0:03:51]} Rd4
{[%clk 0:15:53]} 57. Rb7 {[%clk 0:00:32]} Rxb4 {[%clk 0:16:07]} 58. d7
{[%clk 0:01:01]} Rd4 {[%clk 0:16:23]} 59. Rxb5+ {[%clk 0:01:27]} Kf4
{[%clk 0:16:50]} 60. Rb8 {[%clk 0:00:35]} Rxd7 61. Rf8+ Kg3 {[%clk 0:17:28]} 62.
Ke3 {[%clk 0:01:23]} g4 {[%clk 0:17:43]} 63. Kxe4 {[%clk 0:01:50]} Kg2
{[%clk 0:17:05]} 64. Kf4 {[%clk 0:00:43]} g3 {[%clk 0:17:18]} 65. Ra8
{[%clk 0:01:04]} Rf7+ {[%clk 0:16:37]} 66. Kg4 {[%clk 0:01:29]} Rg7+
{[%clk 0:17:02]} 67. Kf4 {[%clk 0:01:55]} Kh2 {[%clk 0:16:22]} 68. Rh8+
{[%clk 0:02:11]} Kg1 {[%clk 0:16:18]} 69. Kf3 {[%clk 0:02:25]} g2
{[%clk 0:16:33]} 70. Ra8 {[%clk 0:02:22]} Rb7 {[%clk 0:16:27]} 71. Ra6
{[%clk 0:02:20]} Rb3+ {[%clk 0:16:51]} 0-1

[Event "8e Open de Porticcio"]
[Site "?"]
[Date "2023.07.01"]
[Round "4.5"]
[White "Nevednichy, Vladislav"]
[Black "Aarav Dengla"]
[Result "1/2-1/2"]
[BlackElo "2343"]
[WhiteElo "2453"]
[LiveChessVersion "1.4.6"]

1. e4 {[%clk 1:30:57]} c5 {[%clk 1:30:48]} 2. Ne2 {[%clk 1:31:10]} d6
{[%clk 1:30:58]} 3. g3 {[%clk 1:31:33]} g6 {[%clk 1:30:29]} 4. Bg2
{[%clk 1:31:58]} Bg7 {[%clk 1:30:54]} 5. O-O {[%clk 1:32:20]} Nc6
{[%clk 1:30:53]} 6. c3 {[%clk 1:32:06]} e5 {[%clk 1:31:01]} 7. d3
{[%clk 1:26:32]} Nge7 {[%clk 1:31:15]} 8. Be3 {[%clk 1:26:22]} O-O
{[%clk 1:23:59]} 9. Qd2 {[%clk 1:24:11]} Be6 {[%clk 1:22:21]} 10. Na3
{[%clk 1:23:20]} Qd7 {[%clk 1:09:48]} 11. d4 {[%clk 1:11:12]} cxd4
{[%clk 1:01:30]} 12. cxd4 {[%clk 1:11:07]} exd4 {[%clk 1:01:39]} 13. Nxd4
{[%clk 1:11:24]} Bh3 {[%clk 1:00:42]} 14. Rad1 {[%clk 1:06:57]} Rad8
{[%clk 0:45:55]} 15. Nxc6 {[%clk 1:00:38]} Nxc6 {[%clk 0:45:28]} 16. Bg5
{[%clk 1:00:39]} Bxg2 {[%clk 0:45:16]} 17. Kxg2 {[%clk 1:00:59]} Rde8
{[%clk 0:40:36]} 18. Rfe1 {[%clk 0:57:20]} f5 {[%clk 0:36:31]} 19. Nb5
{[%clk 0:46:07]} Rxe4 {[%clk 0:31:56]} 20. Qd5+ {[%clk 0:45:23]} Qf7
{[%clk 0:28:05]} 21. Qxf7+ {[%clk 0:44:29]} Rxf7 {[%clk 0:28:29]} 22. Nxd6
{[%clk 0:44:06]} Rxe1 {[%clk 0:28:33]} 23. Rxe1 {[%clk 0:44:35]} Rf8
{[%clk 0:25:37]} 24. b3 {[%clk 0:43:38]} h6 {[%clk 0:22:32]} 25. Be3
{[%clk 0:42:56]} b6 {[%clk 0:18:43]} 26. Nb5 {[%clk 0:41:01]} Rf7
{[%clk 0:13:57]} 27. Rc1 {[%clk 0:36:48]} Nb4 {[%clk 0:13:42]} 28. Bd2
{[%clk 0:36:06]} a5 {[%clk 0:10:29]} 29. a3 {[%clk 0:28:04]} Nd5 {[%clk 0:09:48]}
30. Rc6 {[%clk 0:26:10]} Rf6 {[%clk 0:09:39]} 31. Rc4 {[%clk 0:26:30]} Re6
{[%clk 0:08:07]} 32. Rc8+ {[%clk 0:24:33]} Kf7 {[%clk 0:07:21]} 33. Rd8
{[%clk 0:24:52]} Nf6 {[%clk 0:06:31]} 34. Be3 {[%clk 0:18:41]} Ke7
{[%clk 0:06:24]} 35. Rb8 {[%clk 0:18:41]} Nd5 {[%clk 0:04:41]} 36. Rb7+
{[%clk 0:19:03]} Kf8 {[%clk 0:05:03]} 37. Kf3 {[%clk 0:09:55]} Re7
{[%clk 0:04:34]} 38. Rb8+ {[%clk 0:10:18]} Re8 {[%clk 0:04:55]} 39. Rb7
{[%clk 0:04:22]} Re7 {[%clk 0:05:23]} 40. Ra7 {[%clk 0:04:12]} g5
{[%clk 0:00:46]} 41. h3 {[%clk 0:04:35]} Rxa7 {[%clk 0:00:43]} 42. Nxa7
{[%clk 0:05:02]} Be5 {[%clk 0:01:03]} 43. g4 {[%clk 0:02:51]} f4 {[%clk 0:00:38]}
44. Bd2 {[%clk 0:02:47]} Kf7 {[%clk 0:01:02]} 45. Nb5 {[%clk 0:02:37]} Ke6
{[%clk 0:00:54]} 46. Ke4 {[%clk 0:02:27]} h5 {[%clk 0:00:47]} 47. f3
{[%clk 0:01:53]} Nf6+ {[%clk 0:00:59]} 48. Kd3 {[%clk 0:02:22]} hxg4
{[%clk 0:01:12]} 49. hxg4 {[%clk 0:02:50]} Kd5 {[%clk 0:01:08]} 50. Be1
{[%clk 0:01:26]} Nd7 {[%clk 0:01:13]} 51. b4 {[%clk 0:01:03]} axb4
{[%clk 0:00:43]} 52. axb4 {[%clk 0:01:25]} Ba1 {[%clk 0:00:38]} 53. Bf2
{[%clk 0:01:32]} Ne5+ {[%clk 0:00:49]} 54. Ke2 {[%clk 0:01:59]} Kc6
{[%clk 0:00:57]} 55. Na7+ {[%clk 0:02:06]} Kb7 {[%clk 0:01:17]} 56. Nb5
{[%clk 0:02:32]} Kc6 {[%clk 0:01:43]} 57. Na7+ {[%clk 0:02:20]} Kb7
{[%clk 0:02:11]} 58. Nb5 {[%clk 0:02:41]} Kc6 1/2-1/2

[Event "8e Open de Porticcio"]
[Site "?"]
[Date "2023.07.01"]
[Round "4.6"]
[White "Msellek, Ilyass"]
[Black "Razafindratsima, Timothe"]
[Result "1/2-1/2"]
[BlackElo "2446"]
[WhiteElo "2417"]
[LiveChessVersion "1.4.6"]

1. e4 {[%clk 1:30:27]} c5 {[%clk 1:30:52]} 2. Nf3 {[%clk 1:30:50]} Nc6
{[%clk 1:31:16]} 3. Bb5 {[%clk 1:30:56]} g6 {[%clk 1:31:32]} 4. O-O
{[%clk 1:29:57]} Bg7 {[%clk 1:31:53]} 5. Nc3 {[%clk 1:30:20]} d6 {[%clk 1:31:45]}
6. h3 {[%clk 1:21:31]} Bd7 {[%clk 1:32:03]} 7. a4 {[%clk 1:18:37]} Nf6
{[%clk 1:31:15]} 8. d3 {[%clk 1:18:17]} O-O {[%clk 1:31:33]} 9. Be3 Ne8 10. d4
{[%clk 1:11:12]} cxd4 {[%clk 1:28:39]} 11. Nxd4 {[%clk 1:11:26]} Nc7
{[%clk 1:29:01]} 12. Bc4 {[%clk 1:10:10]} Ne6 {[%clk 1:25:48]} 13. Nxe6
{[%clk 0:57:01]} Bxe6 {[%clk 1:25:59]} 14. Bxe6 {[%clk 0:57:09]} fxe6
{[%clk 1:26:23]} 15. Ne2 {[%clk 0:56:55]} Ne5 {[%clk 1:15:04]} 16. Bd4
{[%clk 0:56:26]} Rc8 {[%clk 1:14:12]} 17. c3 {[%clk 0:55:24]} Bh6
{[%clk 1:10:26]} 18. Bxe5 {[%clk 0:51:01]} dxe5 {[%clk 1:10:49]} 19. Qxd8
{[%clk 0:42:13]} Rfxd8 {[%clk 1:05:46]} 20. Rfd1 {[%clk 0:42:05]} Bd2
{[%clk 1:05:56]} 21. Kf1 {[%clk 0:38:12]} Rd6 {[%clk 1:06:03]} 22. Ng1
{[%clk 0:36:37]} Rc4 {[%clk 1:06:13]} 23. Nf3 {[%clk 0:36:07]} Bh6
{[%clk 1:06:38]} 24. Nxe5 {[%clk 0:32:48]} Rxe4 {[%clk 1:05:58]} 25. Nd3
{[%clk 0:25:01]} Rc4 {[%clk 1:06:00]} 26. f3 Kf8 {[%clk 0:59:03]} 27. Ke2
{[%clk 0:24:46]} Ke8 28. a5 {[%clk 0:17:45]} Rd5 {[%clk 0:58:35]} 29. Nf2
{[%clk 0:17:04]} Bf4 {[%clk 0:53:12]} 30. Ne4 {[%clk 0:14:49]} Be5
{[%clk 0:49:18]} 31. Ra3 Rc7 {[%clk 0:47:29]} 32. b4 {[%clk 0:14:03]} h6
{[%clk 0:37:59]} 33. Rd3 {[%clk 0:12:43]} Kf7 {[%clk 0:29:58]} 34. Ra2
{[%clk 0:12:37]} Rcd7 {[%clk 0:29:10]} 35. Rad2 {[%clk 0:12:49]} Bf4
{[%clk 0:29:35]} 36. Rd1 {[%clk 0:13:04]} b6 {[%clk 0:29:58]} 37. c4
{[%clk 0:10:52]} Rxd3 {[%clk 0:29:23]} 38. Rxd3 {[%clk 0:11:21]} Rc7
{[%clk 0:29:47]} 39. axb6 {[%clk 0:06:50]} axb6 {[%clk 0:30:16]} 40. Rc3
{[%clk 0:02:13]} Ra7 {[%clk 0:30:06]} 41. Rc2 {[%clk 0:01:34]} Ra4
{[%clk 0:30:32]} 42. b5 {[%clk 0:02:00]} Rb4 {[%clk 0:30:59]} 43. Kd3
{[%clk 0:01:58]} Be5 {[%clk 0:31:20]} 44. Ke2 {[%clk 0:02:03]} Bd4
{[%clk 0:30:57]} 45. Kd3 {[%clk 0:02:20]} e5 {[%clk 0:31:19]} 46. Nd2
{[%clk 0:01:18]} Ra4 {[%clk 0:31:34]} 47. Ne4 {[%clk 0:01:01]} Ra3+
{[%clk 0:31:31]} 48. Ke2 {[%clk 0:01:11]} Ke6 {[%clk 0:30:58]} 49. Kd2
{[%clk 0:00:48]} g5 {[%clk 0:27:26]} 50. Nc3 {[%clk 0:00:45]} Bxc3+
{[%clk 0:26:23]} 51. Rxc3 {[%clk 0:01:14]} Ra2+ {[%clk 0:26:47]} 52. Rc2
{[%clk 0:01:38]} Ra1 {[%clk 0:23:57]} 53. Kc3 {[%clk 0:01:25]} Rd1
{[%clk 0:20:53]} 54. Ra2 {[%clk 0:01:03]} Kd6 {[%clk 0:19:32]} 55. Rd2+
{[%clk 0:00:58]} Rxd2 {[%clk 0:19:58]} 56. Kxd2 {[%clk 0:01:26]} Kc5
{[%clk 0:20:22]} 57. Kc3 {[%clk 0:01:41]} h5 {[%clk 0:20:49]} 58. Kb3
{[%clk 0:00:40]} Kd4 {[%clk 0:20:40]} 59. Kb4 {[%clk 0:00:59]} h4
{[%clk 0:18:28]} 60. Kb3 {[%clk 0:00:52]} Kd3 {[%clk 0:18:43]} 61. Kb4
{[%clk 0:01:01]} Kd4 {[%clk 0:19:09]} 62. Kb3 {[%clk 0:00:43]} Kd3
{[%clk 0:19:35]} 63. Kb4 {[%clk 0:00:40]} Kd4 {[%clk 0:20:00]} 64. Kb3
{[%clk 0:00:47]} 1/2-1/2

[Event "8e Open de Porticcio"]
[Site "?"]
[Date "2023.07.01"]
[Round "4.7"]
[White "Bulmaga, Irina"]
[Black "Cappelletto, Joshuaede"]
[Result "0-1"]
[BlackElo "2286"]
[WhiteElo "2416"]
[LiveChessVersion "1.4.6"]

1. e4 c5 2. Nf3 d6 3. d4 cxd4 4. Nxd4 Nf6 5. Nc3 a6 6. Bg5 Nbd7 7. Qe2 h6 8. Bh4
g6 9. f4 e5 10. fxe5 dxe5 11. O-O-O Qc7 12. Nb3 b5 13. Kb1 Be7 14. Qf3 Bb7 15. a3
Rc8 16. Bd3 Qb6 17. Be1 O-O 18. Be2 Qe6 19. Nd5 Bd6 20. Na5 Ba8 21. Rf1 Nxd5 22.
exd5 Qe8 23. Qh3 Kg7 24. Bd2 Rh8 25. Bg4 Rc7 26. Nc6 h5 27. Bxd7 Qxd7 28. Qh4 f5
29. Bc3 Re8 30. Qg3 Kh7 31. Nxe5 Qg7 32. Nf3 Bxg3 33. Bxg7 Kxg7 34. hxg3 Rd7 35.
d6 Re6 36. Rfe1 Rexd6 37. Rxd6 Rxd6 38. Kc1 Be4 39. Re2 Kf6 40. Nd2 Bd5 41. b3
Re6 42. Rf2 Re1+ 43. Kb2 Rg1 44. c4 Rxg2 45. Rxg2 Bxg2 46. Kc3 f4 47. Kd4 fxg3
48. Ke3 g5 49. c5 h4 50. Nf3 Bxf3 51. Kxf3 g4+ 52. Kg2 Ke5 53. b4 Kd5 54. Kg1 h3
55. Kh1 g2+ 56. Kg1 g3 57. c6 Kxc6 58. a4 h2+ 0-1

[Event "8e Open de Porticcio"]
[Site "?"]
[Date "2023.07.01"]
[Round "4.8"]
[White "Peng, Li Min"]
[Black "Kunal, M."]
[Result "1-0"]
[BlackElo "2301"]
[WhiteElo "2535"]
[LiveChessVersion "1.4.6"]

1. d4 {[%clk 1:22:05]} c6 {[%clk 1:30:47]} 2. Nf3 {[%clk 1:19:26]} Nf6
{[%clk 1:30:34]} 3. e3 {[%clk 1:15:53]} d5 {[%clk 1:27:57]} 4. c4
{[%clk 1:15:47]} e6 {[%clk 1:28:16]} 5. Nbd2 {[%clk 1:16:07]} c5 {[%clk 1:27:45]}
6. cxd5 {[%clk 1:11:09]} Nxd5 {[%clk 1:26:41]} 7. e4 {[%clk 1:06:02]} Nf6
{[%clk 1:26:49]} 8. e5 {[%clk 1:04:46]} Nd5 {[%clk 1:27:18]} 9. dxc5
{[%clk 1:01:28]} Bxc5 {[%clk 1:27:20]} 10. Ne4 {[%clk 1:01:55]} Be7
{[%clk 1:25:07]} 11. a3 {[%clk 1:02:19]} O-O {[%clk 1:16:42]} 12. Bd3
{[%clk 1:02:07]} b6 {[%clk 1:15:40]} 13. Qe2 {[%clk 1:02:25]} h6 {[%clk 1:15:37]}
14. Ng3 {[%clk 1:01:43]} Nd7 {[%clk 1:12:02]} 15. Qe4 {[%clk 0:48:24]} f5
{[%clk 1:12:03]} 16. exf6 {[%clk 0:48:51]} N7xf6 {[%clk 1:10:45]} 17. Qe2
{[%clk 0:48:01]} Bd6 {[%clk 1:07:48]} 18. Nh4 {[%clk 0:45:53]} g5
{[%clk 1:03:55]} 19. Ng6 {[%clk 0:42:44]} Rf7 {[%clk 1:04:18]} 20. Nh5
{[%clk 0:36:44]} Bd7 {[%clk 0:46:14]} 21. h4 {[%clk 0:36:51]} Nxh5
{[%clk 0:46:26]} 22. Qxh5 {[%clk 0:36:48]} Qf6 {[%clk 0:46:49]} 23. O-O
{[%clk 0:36:12]} Rh7 {[%clk 0:40:57]} 24. Bd2 {[%clk 0:34:39]} Be8
{[%clk 0:40:16]} 25. Rae1 {[%clk 0:34:42]} Kg7 {[%clk 0:38:16]} 26. Qg4
{[%clk 0:34:15]} Bf7 {[%clk 0:31:00]} 27. Ne5 {[%clk 0:34:06]} Bxe5
{[%clk 0:30:18]} 28. Bxh7 {[%clk 0:34:31]} Bf4 {[%clk 0:28:32]} 29. Bxf4
{[%clk 0:34:33]} Nxf4 {[%clk 0:28:54]} 30. Be4 {[%clk 0:34:51]} Rd8
{[%clk 0:28:20]} 31. Qf3 {[%clk 0:33:03]} Qxb2 {[%clk 0:21:18]} 32. hxg5
{[%clk 0:32:02]} hxg5 {[%clk 0:21:36]} 33. g3 {[%clk 0:32:27]} Nh5
{[%clk 0:19:38]} 34. Rd1 {[%clk 0:31:06]} Rxd1 {[%clk 0:19:48]} 35. Rxd1
{[%clk 0:31:33]} Nf6 {[%clk 0:20:08]} 36. Rd8 {[%clk 0:29:36]} Qe5
{[%clk 0:15:27]} 37. Bd3 {[%clk 0:29:35]} Qc7 {[%clk 0:15:46]} 38. Ra8
{[%clk 0:28:52]} Bg6 {[%clk 0:12:21]} 39. Bxg6 {[%clk 0:29:16]} Kxg6
{[%clk 0:12:36]} 40. Rf8 {[%clk 0:28:33]} Qe5 {[%clk 0:11:48]} 41. Qb7
{[%clk 0:28:26]} Kf5 {[%clk 0:10:03]} 42. Qg7 {[%clk 0:26:35]} Qe1+
{[%clk 0:10:03]} 43. Kg2 {[%clk 0:27:00]} Qe4+ {[%clk 0:10:23]} 44. Kh2
{[%clk 0:27:24]} Qe5 {[%clk 0:10:04]} 45. Qh7+ {[%clk 0:25:56]} Kg4
{[%clk 0:10:27]} 46. Qh3+ {[%clk 0:26:23]} Kf3 {[%clk 0:10:50]} 47. Qh6
{[%clk 0:26:49]} 1-0

[Event "8e Open de Porticcio"]
[Site "?"]
[Date "2023.07.01"]
[Round "5.1"]
[White "Krasenkow, Michal"]
[Black "Fedorchuk, Sergey A."]
[Result "1/2-1/2"]
[BlackElo "2589"]
[WhiteElo "2524"]
[LiveChessVersion "1.4.6"]

1. Nf3 {[%clk 1:30:58]} Nf6 {[%clk 1:27:01]} 2. d4 {[%clk 1:31:03]} e6
{[%clk 1:26:20]} 3. c4 {[%clk 1:31:29]} b6 {[%clk 1:25:30]} 4. a3
{[%clk 1:31:53]} Bb7 {[%clk 1:25:06]} 5. Nc3 {[%clk 1:32:17]} d5 {[%clk 1:25:12]}
6. cxd5 {[%clk 1:32:42]} Nxd5 {[%clk 1:25:28]} 7. Qc2 {[%clk 1:33:08]} Nxc3
{[%clk 1:17:17]} 8. bxc3 {[%clk 1:33:28]} c5 {[%clk 1:17:27]} 9. e4
{[%clk 1:33:48]} Nd7 {[%clk 1:17:50]} 10. Bf4 {[%clk 1:33:50]} Be7
{[%clk 1:05:28]} 11. d5 {[%clk 1:27:35]} exd5 {[%clk 1:04:27]} 12. exd5
{[%clk 1:27:51]} O-O {[%clk 1:04:32]} 13. Rd1 {[%clk 1:27:40]} Re8
{[%clk 0:56:51]} 14. Be2 {[%clk 1:27:52]} c4 {[%clk 0:55:58]} 15. O-O
{[%clk 1:14:59]} Rc8 {[%clk 0:46:20]} 16. Nd4 {[%clk 0:58:47]} Bxd5
{[%clk 0:16:08]} 17. Nb5 {[%clk 0:58:47]} Be6 {[%clk 0:14:37]} 18. Nxa7
{[%clk 0:58:10]} Rc5 {[%clk 0:15:02]} 19. Be3 {[%clk 0:44:13]} Rd5
{[%clk 0:15:00]} 20. Nc6 {[%clk 0:42:52]} Qc7 {[%clk 0:14:08]} 21. Nxe7+
{[%clk 0:43:13]} Rxe7 {[%clk 0:14:34]} 22. Qa4 {[%clk 0:39:40]} Ra5
{[%clk 0:11:06]} 23. Qb4 {[%clk 0:39:57]} Re8 {[%clk 0:11:33]} 24. Rd6
{[%clk 0:39:17]} Rea8 25. Rfd1 {[%clk 0:28:38]} Rxa3 {[%clk 0:06:21]} 26. Qb5
{[%clk 0:07:17]} Ra1 {[%clk 0:06:00]} 27. R6d2 {[%clk 0:06:12]} h6
{[%clk 0:05:58]} 28. h3 {[%clk 0:06:01]} Rxd1+ {[%clk 0:05:05]} 29. Rxd1
{[%clk 0:06:28]} Ra2 {[%clk 0:04:58]} 30. Bf3 {[%clk 0:05:41]} Ra5
{[%clk 0:03:12]} 31. Qc6 {[%clk 0:05:39]} Ra7 {[%clk 0:02:01]} 32. Qxc7
{[%clk 0:04:15]} Rxc7 {[%clk 0:02:29]} 33. Rb1 {[%clk 0:04:31]} Ra7
{[%clk 0:01:53]} 34. Bc6 {[%clk 0:03:59]} Ra3 {[%clk 0:02:12]} 35. Bd4
{[%clk 0:02:41]} Rb3 {[%clk 0:02:18]} 36. Ra1 {[%clk 0:03:10]} Nf6
{[%clk 0:01:40]} 37. Ra8+ {[%clk 0:02:05]} Kh7 {[%clk 0:02:03]} 38. Rb8
{[%clk 0:02:31]} Nd5 {[%clk 0:00:58]} 39. Bxd5 {[%clk 0:02:51]} Bxd5
{[%clk 0:01:25]} 40. Rxb6 {[%clk 0:03:17]} Rxb6 {[%clk 0:01:52]} 41. Bxb6
{[%clk 0:03:42]} Be4 {[%clk 0:02:13]} 42. f3 {[%clk 0:03:59]} Bd3
{[%clk 0:02:41]} 43. Kf2 {[%clk 0:04:26]} f6 {[%clk 0:03:04]} 44. Ke3
{[%clk 0:04:51]} Kg6 {[%clk 0:03:32]} 45. h4 {[%clk 0:05:12]} h5 {[%clk 0:03:51]}
46. Bc5 {[%clk 0:05:32]} Kf5 {[%clk 0:04:15]} 47. Bf8 {[%clk 0:05:53]} g6
{[%clk 0:04:41]} 48. Be7 {[%clk 0:06:15]} Bf1 {[%clk 0:05:06]} 49. Kf2
{[%clk 0:06:43]} Bd3 {[%clk 0:05:32]} 50. Ke3 {[%clk 0:07:11]} Bf1
{[%clk 0:05:58]} 51. Kf2 {[%clk 0:07:38]} Bd3 {[%clk 0:06:25]} 1/2-1/2

[Event "8e Open de Porticcio"]
[Site "?"]
[Date "2023.07.01"]
[Round "5.2"]
[White "Lamaze, Simon"]
[Black "Cappelletto, Joshuaede"]
[Result "1/2-1/2"]
[BlackElo "2286"]
[WhiteElo "2388"]
[LiveChessVersion "1.4.6"]

1. e4 {[%clk 1:30:39]} c5 {[%clk 1:30:52]} 2. Nf3 {[%clk 1:30:59]} d6
{[%clk 1:31:17]} 3. d4 {[%clk 1:31:23]} cxd4 {[%clk 1:31:42]} 4. Nxd4
{[%clk 1:31:50]} Nf6 {[%clk 1:32:06]} 5. Nc3 {[%clk 1:32:10]} a6 {[%clk 1:32:31]}
6. Bd2 {[%clk 1:32:38]} e5 {[%clk 1:31:38]} 7. Nf5 {[%clk 1:33:05]} d5
{[%clk 1:31:38]} 8. Qf3 {[%clk 1:33:32]} d4 {[%clk 1:31:42]} 9. Nd5
{[%clk 1:33:58]} Nxd5 {[%clk 1:31:52]} 10. exd5 {[%clk 1:34:25]} Bxf5
{[%clk 1:32:04]} 11. Qxf5 {[%clk 1:34:52]} Nd7 {[%clk 1:32:27]} 12. O-O-O
{[%clk 1:35:17]} g6 {[%clk 1:31:57]} 13. Qf3 {[%clk 1:35:44]} Bg7
{[%clk 1:31:49]} 14. h4 {[%clk 1:36:10]} h5 {[%clk 1:31:28]} 15. d6
{[%clk 1:36:38]} O-O {[%clk 1:26:24]} 16. Qxb7 {[%clk 1:36:18]} Nf6
{[%clk 1:18:31]} 17. f3 {[%clk 1:36:02]} Rb8 {[%clk 1:04:26]} 18. Qc7
{[%clk 1:08:04]} Qe8 {[%clk 1:03:09]} 19. Bxa6 {[%clk 1:07:49]} Nd5
{[%clk 1:02:47]} 20. Qc5 {[%clk 1:03:37]} Nb6 {[%clk 1:02:49]} 21. b3
{[%clk 0:55:34]} Qd7 {[%clk 0:58:29]} 22. Qc7 {[%clk 0:47:05]} Qe6
{[%clk 0:55:40]} 23. Ba5 {[%clk 0:37:50]} Nd5 {[%clk 0:48:00]} 24. Qc5
{[%clk 0:37:46]} Rfc8 {[%clk 0:44:04]} 25. Bxc8 {[%clk 0:37:45]} Rxc8
{[%clk 0:44:30]} 26. Bc7 {[%clk 0:37:21]} Bf8 {[%clk 0:44:07]} 27. Qa5
{[%clk 0:34:55]} Bxd6 {[%clk 0:40:59]} 28. Bxd6 {[%clk 0:35:16]} Qxd6
{[%clk 0:41:24]} 29. c4 {[%clk 0:34:44]} Rc5 {[%clk 0:36:33]} 30. Qa8+
{[%clk 0:33:53]} Kg7 {[%clk 0:36:56]} 31. Rd2 {[%clk 0:31:19]} Qb6
{[%clk 0:35:33]} 32. Qxd5 {[%clk 0:20:01]} Rxd5 {[%clk 0:35:54]} 33. cxd5
{[%clk 0:20:29]} f5 {[%clk 0:33:32]} 34. Rhd1 {[%clk 0:20:40]} Qc5+
{[%clk 0:32:48]} 35. Kb2 {[%clk 0:20:17]} Qxd5 {[%clk 0:32:12]} 36. Rd3
{[%clk 0:18:57]} Kf6 {[%clk 0:31:31]} 37. R1d2 {[%clk 0:18:17]} g5
{[%clk 0:30:35]} 38. hxg5+ {[%clk 0:17:56]} Kxg5 {[%clk 0:30:59]} 39. g3
{[%clk 0:17:30]} f4 {[%clk 0:26:18]} 40. gxf4+ {[%clk 0:17:49]} Kxf4
{[%clk 0:26:43]} 41. b4 {[%clk 0:17:35]} Qb5 {[%clk 0:26:19]} 42. Rb3
{[%clk 0:16:55]} h4 {[%clk 0:26:16]} 43. a4 {[%clk 0:15:30]} Qxa4
{[%clk 0:26:29]} 44. b5 {[%clk 0:15:36]} Qa5 {[%clk 0:25:08]} 45. Rc2
{[%clk 0:15:55]} Qb6 {[%clk 0:24:01]} 46. Rc6 {[%clk 0:15:05]} Qb7
{[%clk 0:24:27]} 47. Rh6 {[%clk 0:13:16]} Kg5 {[%clk 0:23:36]} 48. Re6
{[%clk 0:13:21]} Kf5 {[%clk 0:23:25]} 49. Rh6 {[%clk 0:13:43]} Kg5
{[%clk 0:23:50]} 50. Re6 {[%clk 0:14:05]} Kf5 {[%clk 0:24:08]} 51. Rh6
{[%clk 0:14:31]} Kg5 1/2-1/2